000 01107nam a22003497a 4500
001 000013879
003 CHAP
005 20220329133929.0
008 971013s1970 r 00010 d
010 _a12842
011 _a13814
035 _a17886
040 _cCHAP
090 _aFolleto 1601
100 0 0 _aCasas Andreu, Gustavo.
_919766
245 1 0 _aEstado actual de las investigaciones sobre cocodrilos mexicanos.
260 _aMéxico, D.F. :
_bComisión Nacional Consultiva de Pesca,
_c1970.
300 _a50 p. :
_b: ilus.
490 1 _aSerie divulgación. Boletín
_v; 3
590 _aBATCH-UPD
_b10
_c20130110
_lUCH01
_h2031
590 _aBATCH-UPD
_b10
_c20130410
_lUCH01
_h1347
590 _aBATCH-UPD
_b10
_c20130914
_lUCH01
_h0956
590 _aCONVERSION
_b10
_c20130109
_lUCH01
_h1308
590 _aE5995AHE
_b05
_c20141121
_lUCH01
_h1323
650 1 4 _aCocodrilos.
_924287
700 0 _aGuzmán Arroyo, Manuel.
_951920
830 0 _aSerie divulgación. Boletín
_v; 3
_9104815
901 _aBK
942 _cFOLL
942 _n0
949 _aFolleto 1601
_bBC
_cFOLL
_d-41903
_eTS1
_i17886
_si
999 _c12842
_d12842